000 00644nam a2200205Ia 4500
005 20260601193247.0
008 260601s9999||||xx |||||||||||||| ||und||
020 _a978-3-031-64309-5
_qebk
100 _aLudovic Levy Patey
245 0 _aTwenty Years of Theoretical and Practical Synergies
250 _a2024
260 _aHeidelberg, Germany
_bSpringer Nature
_c2024
440 _aLecture Notes in Computer Science
650 _aComputer Science
700 _aElaine Pimentel
700 _aFlorin Manea
700 _aLorenzo Galeotti
856 _uhttps://link.springer.com/openurl?genre=book&isbn=978-3-031-64309-5
942 _cEB
_2ddc
999 _c56598
_d56598